| 000 | 02254cam a22004694i 4500 | ||
|---|---|---|---|
| 003 | PE-LiUPU | ||
| 005 | 20250731172948.0 | ||
| 008 | 150616s r 000 0 d | ||
| 020 | _a8472284999 | ||
| 035 | _a(Sirsi) i9788472284999 | ||
| 040 |
_aPE-LiUPU _bspa _cPE-LiUPU _erda |
||
| 049 | _aPRUA | ||
| 082 | 0 | 4 |
_a248.8943 _bE46 _221 |
| 100 | 1 |
_aElliot, Elizabeth, _eautor. |
|
| 245 | 1 | 0 |
_aDejádme ser mujer / _cElizabeth Elliot. |
| 264 | 1 |
_aBarcelona : _bLibros Clíe, _c1980. |
|
| 300 |
_a174 páginas ; _c17 centímetros |
||
| 336 |
_atext _2rdacontent |
||
| 337 |
_aunmediated _2rdamedia |
||
| 338 |
_avolume _2rdacarrier |
||
| 505 | 0 | _aDios está en el timón -- ¡No quién soy, sino de quien soy! -- En dónde hay apoyo para el alma -- Una hija, no un hijo -- La creación: la mujer para el hombre -- Medusas y orgullo -- El tipo de orgullo aceptable -- El peso de las alas -- ¿Es un don quedarse soltera? -- Día a día -- Confianza en la separación -- Autodisciplina y orden -- ¿De quién es la batalla? -- La libertad por medio de la disciplina -- Dios no para trampas -- Un príncipe paradógico -- Masculino femenino -- El alma es femenina -- ¿El ser sumisa es algo que ahoga? -- Veinte preguntas -- Escoger es al mismo tiempo limitar -- Entrega, gratitud y dependencia -- Te casas con un pecador -- Te casas con un hombre -- Te casas con un marido -- Te casas con una persona -- Poniendo de lado a todos los demás -- Dinámico, no estáti. | |
| 526 | _aSEG42 | ||
| 526 | _aSEG41 | ||
| 526 | _aSEG40 | ||
| 526 | _aSEG39 | ||
| 526 | _aP94 | ||
| 526 | _aP87 | ||
| 526 | _aP86 | ||
| 526 | _aP85 | ||
| 526 | _aP77 | ||
| 526 | _aP76 | ||
| 526 | _aP35 | ||
| 650 | 0 | 4 |
_aMatrimonio. _92383 |
| 650 | 0 | 4 |
_aMujeres _xvida religiosa. |
| 910 |
_ajck _bjvq _cjck |
||
| 942 |
_2ddc _cBOOK |
||
| 949 |
_a248.8943 E46 _wDEWEY _c1 _i21191 _lCCODEBUL1 _mBUL _r0 _sY _tBOOK _u2015-6-16 _xTEOLOGIA _zUNKNOWN _0COMPRA _o.STAFF. Colección General |
||
| 994 |
_aC0 _bPEPRU |
||
| 596 | _a1 | ||
| 999 |
_a248.8943 E46 _wDEWEY _c21700 _i21191 _f2021-11-12 _g5 _lCCODEBUL1 _mBUL _r0 _sY _tBOOK _u2015-6-16 _xTEOLOGIA _zUNKNOWN _0COMPRA _o.STAFF. Colección General _d21700 |
||
| 980 |
_81 _gALBERTO SANCHEZ Responsable de Automatización |
||